Space Quiz - Statistics

General Stats
  • This quiz has been taken 146 times
  • The average score is 7 of 10
Answer Stats
Question Answer % Correct
How many planets are in our solar system according to the International Astronomical Union? 8
92%
There may be a planet made of diamonds. True
88%
A full NASA space suit costs $12,000,000. True
85%
What is the hottest planet in our solar system? Venus
85%
Where is the sun in its "life" cycle? Middle Aged
73%
Space is completely silent. True
69%
How old is our solar system? 4.6 billion years
65%
What percentage of the sun's mass takes up our solar system? 99.86%
54%
There is water floating around in space. True
42%
How many moons are in our solar system? 181
19%
No matching quizzes found
Score Distribution
Percent of People with Each Score
Percentile by Number Answered
Your Score History
You have not taken this quiz